<?xml version="1.0" encoding="UTF-8"?>
<record
    xmlns:xsi="http://www.w3.org/2001/XMLSchema-instance"
    xsi:schemaLocation="http://www.loc.gov/MARC21/slim http://www.loc.gov/standards/marcxml/schema/MARC21slim.xsd"
    xmlns="http://www.loc.gov/MARC21/slim">

  <leader>00984cam a2200253   4500</leader>
  <controlfield tag="001">agr67000065 </controlfield>
  <controlfield tag="003">DLC</controlfield>
  <controlfield tag="005">20260227111026.0</controlfield>
  <controlfield tag="008">700127s1966    dcua     b    000 0 eng c</controlfield>
  <datafield tag="010" ind1=" " ind2=" ">
    <subfield code="a">agr67000065 </subfield>
  </datafield>
  <datafield tag="040" ind1=" " ind2=" ">
    <subfield code="a">U.S. Nat'l Agr. Libr.</subfield>
    <subfield code="c">DLC</subfield>
    <subfield code="d">DLC</subfield>
  </datafield>
  <datafield tag="050" ind1="1" ind2="0">
    <subfield code="a">S21.Z2332 no. 95</subfield>
  </datafield>
  <datafield tag="070" ind1="0" ind2=" ">
    <subfield code="a">A281.9 Ag8 no. 95</subfield>
  </datafield>
  <datafield tag="100" ind1="1" ind2=" ">
    <subfield code="a">White, George A.</subfield>
    <subfield code="q">(George Albert),</subfield>
    <subfield code="d">1930-</subfield>
  </datafield>
  <datafield tag="245" ind1="1" ind2="0">
    <subfield code="a">Culture of crambe;</subfield>
    <subfield code="b">a new industrial oilseed crop</subfield>
    <subfield code="c">[by George A. White and J. J. Higgins.</subfield>
  </datafield>
  <datafield tag="260" ind1=" " ind2=" ">
    <subfield code="a">Washington]</subfield>
    <subfield code="b">Agricultural Research Service, U.S. Dept. of Agriculture</subfield>
    <subfield code="c">[1966]</subfield>
  </datafield>
  <datafield tag="300" ind1=" " ind2=" ">
    <subfield code="a">iv, 20 p.</subfield>
    <subfield code="b">illus.</subfield>
    <subfield code="c">26 cm.</subfield>
  </datafield>
  <datafield tag="490" ind1="1" ind2=" ">
    <subfield code="a">[United States. Dept. of Agriculture] Production research report</subfield>
    <subfield code="v">no. 95</subfield>
  </datafield>
  <datafield tag="504" ind1=" " ind2=" ">
    <subfield code="a">"Literature cited": p. 19-20.</subfield>
  </datafield>
  <datafield tag="650" ind1=" " ind2="0">
    <subfield code="a">Crambe abyssinica.</subfield>
  </datafield>
  <datafield tag="650" ind1=" " ind2="3">
    <subfield code="a">Crambe abyssinica.</subfield>
  </datafield>
  <datafield tag="700" ind1="1" ind2=" ">
    <subfield code="a">Higgins, Joseph John,</subfield>
    <subfield code="d">1924-</subfield>
    <subfield code="e">joint author.</subfield>
  </datafield>
  <datafield tag="810" ind1="1" ind2="0">
    <subfield code="a">[United States.</subfield>
    <subfield code="b">Department of Agriculture]</subfield>
    <subfield code="t">Production research report</subfield>
    <subfield code="v">no. 95.</subfield>
  </datafield>
  <datafield tag="999" ind1=" " ind2=" ">
    <subfield code="c">12162</subfield>
    <subfield code="d">12162</subfield>
  </datafield>
</record>
